LEADER 01368nam a2200265 4500 001 000000341673 003 CaOOAMICUS 005 20230808094421.0 008 200824s1852 it a 000 u ita r 040 $aSeMil$bita 100 11$aNibby, Antonio,$d<1792-1839>.$0(OLS)http://semarc/name/111980 245 00$aItinerario di Roma e delle sue vicinanze /$ccompilato dal fu A. Nibby secondo il metodo del Vasi. 250 $aNuova edizione rettificata ed accresciuta dall'editore Agostino Valentini 264 1$aRoma :$bDai tipi di Clemente Puccinelli,$c1852. 300 $a2 v. :$bill. ;$c19 cm 650 4$aRoma - Guide.$0(OLS)http://semarc/subject/5227 700 1 $aValentini, Agostino,$d.$0(OLS)http://semarc/name/111981 700 1 $aVasi, Mariano,$d<1744-1820>.$0(OLS)http://semarc/name/111982 774 0 $aNibby, Antonio <1792-1839>$tVol. 1.$dRoma : Dai tipi di Clemente Puccinelli, 1852.$w()341675 774 0 $aNibby, Antonio <1792-1839>$tVol. 2.$dRoma : Dai tipi di Clemente Puccinelli, 1852.$w()341676 850 $aSeMil 852 $aSeMil$W1$xVenegono$y1$qLegati insieme i 2 vol.$B232694$CSeMilBibl$Z2$F232694 $8I 996 $6245$aItinerario di Roma e delle sue vicinanze$9(OLS)http://semarc/title/430609 996 $6264$aRoma :$bDai tipi di Clemente Puccinelli$9(OLS)http://semarc/publisher/59240 LEADER 01092nam a2200241 i 4500 001 000000068739 003 CaOOAMICUS 005 20100806000000.0 008 100806s1906 it u000 u ita u 013 $a39911 040 $aSeMil$bita 100 1 $aSpencer, Herbert,$d<1820-1903>.$0(OLS)http://semarc/name/30593 245 12$aL'evoluzione della vita /$cHerbert Spencer ; prima traduzione italiana di Guglielmo Salvadori. 260 $aTorino :$bBocca,$c1906$e(Luogo di manifattura non identificato :$fStab. tip. Vincenzo Bona,$g1906) 300 $aVI, 276 p. ;$c25 cm. 490 0 $aBiblioteca di scienze moderne ;$v23 650 4$aEvoluzione - Teorie.$0(OLS)http://semarc/subject/12011 700 1 $aSalvadori, Guglielmo.$0(OLS)http://semarc/name/31316 830 0$aBiblioteca di scienze moderne ;$v23.$0(OLS)http://semarc/title/18414 850 $aSeMil 852 $aSeMil$W1$xVenegono$y1$m2O IV 25$j34892$B34892$CSeMilBibl$Z2$F34895 $81 996 $6245$aL'evoluzione della vita$9(OLS)http://semarc/title/109881 996 $6260$aTorino :$bBocca$9(OLS)http://semarc/publisher/30932